| 000 | 00749nam a2200265 a 4500 | ||
|---|---|---|---|
| 999 |
_c12142 _d12142 |
||
| 001 | 14142 | ||
| 003 | BD-JhCC | ||
| 005 | 20220803134024.0 | ||
| 008 | 210321s19432016ii a|||| ||aa 000 0 eng d | ||
| 020 | _a9788121929783 | ||
| 035 | _a(BD-JhCC)12142 | ||
| 040 |
_aBD-JhCC _dBD-JhCC |
||
| 041 | _aeng | ||
| 082 |
_a541.3 _bBAH 2016 |
||
| 100 | _aBahl, B.S. | ||
| 245 |
_aEssentials of Physical Chemistry / _cB.S. Bahl; Arun Bahl; G.D. Tuli |
||
| 260 |
_aDelhi : _bS, Chand & Company Ltd, _c2016 [reprint] |
||
| 300 |
_axvii, 1262 p. : _c23 cm. _bill. ; |
||
| 504 | _aIncludes index. | ||
| 650 | _aChemistry, Physical and Theoretical | ||
| 700 | _aBahl, Arun | ||
| 700 | _a Tuli, G.D. | ||
| 942 |
_2ddc _cBK _04 |
||